[Event "Madrid-ch Veteranos 2016/2017"]
[Site "Madrid ESP"]
[Date "2017.01.11"]
[Round "3.10"]
[White "Serrano Baylin, Francisco"]
[Black "Lopez Peral, Enrique"]
[Result "1/2-1/2"]
[WhiteElo "1962"]
[BlackElo "1764"]
[PlyCount "38"]
[EventDate "2017.01.09"]
[EventType "swiss"]
[EventRounds "9"]
[EventCountry "ESP"]
[SourceTitle "Ajedrez en Madrid"]
[Source "lmi"]
[SourceDate "2017.01.09"]

1. c4 c5 2. g3 g6 3. Bg2 Bg7 4. Nc3 Nc6 5. a3 Nf6 6. Nf3 O-O 7. O-O d5 8. cxd5
Nxd5 9. Qb3 Nb6 10. d3 Be6 11. Qd1 c4 12. Ng5 Bd7 13. dxc4 Nxc4 14. Qd3 N4e5
15. Qd5 h6 16. Nge4 Be6 17. Qb5 Bc4 18. Qa4 Qa5 19. Qxa5 Nxa5 1/2-1/2

[Event "Madrid-ch Veteranos 2016/2017"]
[Site "Madrid ESP"]
[Date "2017.01.11"]
[Round "3.11"]
[White "Sotoca Aguado, Jose"]
[Black "Alvarez Escudero, Manuel"]
[Result "1-0"]
[WhiteElo "1924"]
[BlackElo "1782"]
[PlyCount "111"]
[EventDate "2017.01.09"]
[EventType "swiss"]
[EventRounds "9"]
[EventCountry "ESP"]
[SourceTitle "Ajedrez en Madrid"]
[Source "lmi"]
[SourceDate "2017.01.09"]

1. d4 d5 2. Nf3 e6 3. Bf4 Nf6 4. e3 c5 5. c3 Nc6 6. Bd3 cxd4 7. exd4 Bd6 8.
Bxd6 Qxd6 9. O-O O-O 10. Re1 Qf4 11. Qd2 Qxd2 12. Nbxd2 h6 13. Re2 Bd7 14. Rae1
Rfe8 15. Ne5 Nxe5 16. Rxe5 Kf8 17. h3 Rac8 18. f4 Bc6 19. g4 Rc7 20. Kf2 a6 21.
g5 hxg5 22. fxg5 Nd7 23. R5e3 Nb6 24. Nf3 Bd7 25. Ne5 Nc8 26. h4 Ne7 27. h5 Nc6
28. h6 gxh6 29. gxh6 Nxe5 30. Rxe5 f6 31. Rh5 f5 32. Rg1 Ke7 33. h7 Rh8 34. Rg8
Rc8 35. Rg7+ Kd6 36. Ke3 Rcf8 37. Rh6 b5 38. Kf4 a5 39. Be2 b4 40. c4 dxc4 41.
Bxc4 Re8 42. Rf7 Re7 43. Rxe7 Kxe7 44. d5 exd5 45. Bxd5 Kf8 46. Bg8 a4 47. Rb6
b3 48. axb3 axb3 49. Rxb3 Ke7 50. Rb7 Kd6 51. b4 Bc6 52. Rb8 Kc7 53. Rf8 Bd7
54. Ke5 Bb5 55. Kf6 Bc4 56. Kg7 1-0

[Event "Madrid-ch Veteranos 2016/2017"]
[Site "Madrid ESP"]
[Date "2017.01.11"]
[Round "3.12"]
[White "Osuna Osuna, Francisco"]
[Black "Pashov, Spas Nikolov"]
[Result "0-1"]
[WhiteElo "1488"]
[BlackElo "1870"]
[PlyCount "96"]
[EventDate "2017.01.09"]
[EventType "swiss"]
[EventRounds "9"]
[EventCountry "ESP"]
[SourceTitle "Ajedrez en Madrid"]
[Source "lmi"]
[SourceDate "2017.01.09"]

1. e4 e5 2. Nf3 Nc6 3. Bc4 Bc5 4. d3 d6 5. Nc3 Bg4 6. h3 Bh5 7. g4 Bg6 8. Be3
Bb6 9. Nd5 Na5 10. Nxb6 axb6 11. Bb3 Ne7 12. Nd2 Nxb3 13. axb3 Rxa1 14. Qxa1
Nc6 15. c3 O-O 16. Ke2 d5 17. f3 f6 18. Qg1 Bf7 19. h4 Qd7 20. h5 h6 21. g5
fxg5 22. Bxg5 hxg5 23. Qxg5 Qe7 24. Qg3 Qf6 25. exd5 Bxd5 26. Ne4 Qf4 27. Qh3
Ne7 28. h6 Qxh6 29. Qxh6 gxh6 30. Rxh6 Bxb3 31. d4 exd4 32. cxd4 Bc4+ 33. Kf2
Nf5 34. Rg6+ Kh7 35. Rg1 Nxd4 36. Rh1+ Kg6 37. Rg1+ Kf5 38. Ke3 Ke5 39. Rg5+
Nf5+ 40. Kd2 Kf4 41. Rg6 Kxf3 42. Nc3 Bb3 43. Nb5 c6 44. Nd6 Rd8 45. Rf6 Rxd6+
46. Rxd6 Nxd6 47. Kc3 Bd5 48. b4 Ke3 0-1

[Event "Madrid-ch Veteranos 2016/2017"]
[Site "Madrid ESP"]
[Date "2017.01.11"]
[Round "3.13"]
[White "Martin Rodriguez, Jose Luis"]
[Black "Lopez Heras, Arturo"]
[Result "0-1"]
[WhiteElo "1327"]
[BlackElo "1837"]
[PlyCount "78"]
[EventDate "2017.01.09"]
[EventType "swiss"]
[EventRounds "9"]
[EventCountry "ESP"]
[SourceTitle "Ajedrez en Madrid"]
[Source "lmi"]
[SourceDate "2017.01.09"]

1. c4 Nf6 2. Nc3 g6 3. Nf3 Bg7 4. g3 O-O 5. Bg2 d6 6. O-O c5 7. d3 Nc6 8. Bg5
h6 9. Bd2 Rb8 10. Rb1 Bd7 11. e3 a6 12. a3 b5 13. cxb5 axb5 14. Qe2 b4 15. axb4
Nxb4 16. Rfc1 Qb6 17. e4 Rfe8 18. Be3 Ng4 19. h3 Nxe3 20. fxe3 Be6 21. Qd2 Bb3
22. Ne1 Na2 23. Nxa2 Bxa2 24. Ra1 Qxb2 25. Rxa2 Qe5 26. Qf2 Rb3 27. Nf3 Qe6 28.
Kh2 Reb8 29. d4 Qxe4 30. Re2 Qf5 31. Nd2 Qxf2 32. Rxf2 Rxe3 33. d5 Be5 34. Bf3
Rb2 35. Ne4 Rxf2+ 36. Nxf2 Rxf3 37. Ne4 h5 38. Nd2 Rxg3 39. Rg1 Rd3+ 0-1

[Event "Madrid-ch Veteranos 2016/2017"]
[Site "Madrid ESP"]
[Date "2017.01.11"]
[Round "3.14"]
[White "Martinez Pintor, Juan"]
[Black "Garcia Martin, Esteban"]
[Result "1/2-1/2"]
[WhiteElo "1664"]
[BlackElo "1855"]
[PlyCount "78"]
[EventDate "2017.01.09"]
[EventType "swiss"]
[EventRounds "9"]
[EventCountry "ESP"]
[SourceTitle "Ajedrez en Madrid"]
[Source "lmi"]
[SourceDate "2017.01.09"]

1. d4 Nf6 2. c4 b6 3. Nc3 Bb7 4. Bf4 e6 5. a3 Be7 6. e3 O-O 7. h3 d5 8. Nf3 c5
9. cxd5 exd5 10. Bd3 Nc6 11. Rc1 Rc8 12. O-O Re8 13. Bf5 Nd7 14. Nxd5 g6 15.
Nxe7+ Qxe7 16. Bxd7 Qxd7 17. dxc5 Qf5 18. cxb6 axb6 19. Qb3 b5 20. Rfd1 b4 21.
Qd5 Qxd5 22. Rxd5 bxa3 23. bxa3 Ne5 24. Rxc8 Nxf3+ 25. gxf3 Rxc8 26. Rb5 Bxf3
27. Rb8 Rxb8 28. Bxb8 Kf8 29. a4 Ke7 30. Bc7 Ke6 31. Kh2 h5 32. Kg3 Be2 33. Kf4
Bd3 34. e4 Bc4 35. Kg5 Bd3 36. e5 Bf1 37. h4 Bd3 38. a5 Be2 39. f4 Bd3 1/2-1/2

[Event "Madrid-ch Veteranos 2016/2017"]
[Site "Madrid ESP"]
[Date "2017.01.11"]
[Round "3.15"]
[White "Martin-Consuegra Barrilero, Francisco Javier"]
[Black "Martinez De La Puente, Ignacio"]
[Result "0-1"]
[WhiteElo "1855"]
[BlackElo "1706"]
[PlyCount "136"]
[EventDate "2017.01.09"]
[EventType "swiss"]
[EventRounds "9"]
[EventCountry "ESP"]
[SourceTitle "Ajedrez en Madrid"]
[Source "lmi"]
[SourceDate "2017.01.09"]

1. Nf3 d5 2. d4 Nf6 3. Bf4 e6 4. e3 Bd6 5. Bg3 c6 6. Nbd2 Qc7 7. Bxd6 Qxd6 8.
a3 Nbd7 9. c4 dxc4 10. Nxc4 Qe7 11. b4 O-O 12. Be2 Nb6 13. Qb3 Nbd5 14. O-O Bd7
15. Rfb1 Rfc8 16. Nce5 Be8 17. Ra2 a5 18. bxa5 Rxa5 19. Nc4 Ra7 20. Rba1 Rca8
21. Nfe5 Ne4 22. Bf1 b5 23. Nd2 Nxd2 24. Rxd2 Rxa3 25. Rxa3 Qxa3 26. Qc2 Qc3
27. g3 f6 28. Qxc3 Nxc3 29. Nd3 Ra2 30. Rxa2 Nxa2 31. Nc5 Kf7 32. Bh3 f5 33. f3
Ke7 34. Kf2 g6 35. e4 Kd6 36. e5+ Kd5 37. Ke3 Nb4 38. Nb3 Kc4 39. Nd2+ Kc3 40.
Nb1+ Kc2 41. Nd2 Nd5+ 42. Ke2 b4 43. f4 b3 44. Bg2 b2 45. Ke1 b1=Q+ 46. Nxb1
Kxb1 47. Kd2 Kb2 48. Bf1 Kb3 49. Ba6 Kb4 50. Kd3 Nc7 51. Bc4 Bd7 52. Ba2 Nd5
53. Bb1 c5 54. dxc5 Kxc5 55. Kd2 Kd4 56. Bc2 Bb5 57. Bb1 Ne3 58. Ke1 Ng4 59. h3
Ne3 60. Kf2 Nd1+ 61. Ke1 Nc3 62. Bc2 Bc4 63. Kf2 Ne4+ 64. Kf3 Bd5 65. Ba4 Ng5+
66. Kf2 Nxh3+ 67. Ke2 g5 68. fxg5 Nxg5 0-1

[Event "Madrid-ch Veteranos 2016/2017"]
[Site "Madrid ESP"]
[Date "2017.01.11"]
[Round "3.16"]
[White "Bellagamba, Pascal"]
[Black "Hernandez Gutierrez, Jose"]
[Result "1-0"]
[WhiteElo "1656"]
[BlackElo "1816"]
[PlyCount "106"]
[EventDate "2017.01.09"]
[EventType "swiss"]
[EventRounds "9"]
[EventCountry "ESP"]
[SourceTitle "Ajedrez en Madrid"]
[Source "lmi"]
[SourceDate "2017.01.09"]

1. Nf3 d5 2. b3 Bg4 3. Bb2 c5 4. d3 Bxf3 5. exf3 Nc6 6. f4 e6 7. Be2 Nf6 8. Nd2
Bd6 9. g3 Nd4 10. Bf1 O-O 11. Bg2 Rc8 12. c3 Nf5 13. O-O Qb6 14. Re1 Rfd8 15.
Qe2 a5 16. Rad1 a4 17. Rb1 axb3 18. axb3 Ra8 19. Ra1 Ra6 20. Rxa6 bxa6 21. Bh3
Ne7 22. Ra1 a5 23. c4 d4 24. Bg2 Nc6 25. Bxc6 Qxc6 26. Rxa5 Ra8 27. Rxa8+ Qxa8
28. Qe1 Qa5 29. Kf1 Qa8 30. Kg1 Qa5 31. Qd1 Bc7 32. Nb1 Qa2 33. Qc2 Ba5 34. Na3
Bb4 35. Bc1 Qa1 36. Qb2 Qxa3 37. Qxa3 Bxa3 38. Bxa3 Nd7 39. b4 cxb4 40. Bxb4
Nb8 41. Kf1 Nc6 42. Bc5 f5 43. Ke2 h5 44. Kd2 Kf7 45. Kc2 Kf6 46. Bd6 g5 47. h3
g4 48. hxg4 hxg4 49. Kb3 Kf7 50. Ka4 Ke8 51. Kb5 Kd8 52. Be5 Na7+ 53. Kb4 Nc6+
1-0

[Event "Madrid-ch Veteranos 2016/2017"]
[Site "Madrid ESP"]
[Date "2017.01.11"]
[Round "3.17"]
[White "Serrano Garcia, Vicente"]
[Black "Rodriguez Bachiller, Luis"]
[Result "1-0"]
[WhiteElo "1807"]
[BlackElo "1657"]
[PlyCount "115"]
[EventDate "2017.01.09"]
[EventType "swiss"]
[EventRounds "9"]
[EventCountry "ESP"]
[SourceTitle "Ajedrez en Madrid"]
[Source "lmi"]
[SourceDate "2017.01.09"]

1. d4 Nf6 2. Nf3 e6 3. Bg5 Be7 4. e3 O-O 5. Bd3 b6 6. Nbd2 Ba6 7. c4 d5 8. Ne5
Bb7 9. O-O c5 10. f4 cxd4 11. exd4 dxc4 12. Ndxc4 Qxd4+ 13. Kh1 Rd8 14. Qc2 h6
15. Bh4 Qc5 16. a3 Nd5 17. b4 Qc7 18. Bxe7 Qxe7 19. Rae1 Nd7 20. f5 Nxe5 21.
Nxe5 Rac8 22. Qe2 exf5 23. Qh5 Nf6 24. Qxf5 Qe6 25. Qf4 Qd5 26. Qg3 Nh5 27. Qg4
Rc7 28. Be4 Qe6 29. Qxh5 Bxe4 30. Rxe4 f6 31. Qg4 Qxg4 32. Nxg4 f5 33. Nxh6+
gxh6 34. Ref4 Rd5 35. h4 Rc3 36. a4 Rb3 37. b5 Ra3 38. Rc1 Rc5 39. Rd1 Rc7 40.
Rfd4 Rf7 41. Rf1 Kg7 42. g4 Rh3+ 43. Kg2 Ra3 44. gxf5 Ra2+ 45. Kg3 h5 46. Kf4
Rh2 47. Kg5 Kf8 48. f6 Rg2+ 49. Kf5 Re2 50. Rd8+ Re8 51. Rxe8+ Kxe8 52. Re1+
Kf8 53. Kg6 Rd7 54. Rc1 Rd8 55. Rc7 Kg8 56. Rxa7 Kh8 57. Rh7+ Kg8 58. f7+ 1-0

[Event "Madrid-ch Veteranos 2016/2017"]
[Site "Madrid ESP"]
[Date "2017.01.11"]
[Round "3.18"]
[White "Benitez Cadenas, Luis Miguel"]
[Black "Perez Cameselle, Francisco Jose"]
[Result "0-1"]
[WhiteElo "1595"]
[BlackElo "1790"]
[PlyCount "54"]
[EventDate "2017.01.09"]
[EventType "swiss"]
[EventRounds "9"]
[EventCountry "ESP"]
[SourceTitle "Ajedrez en Madrid"]
[Source "lmi"]
[SourceDate "2017.01.09"]

1. d4 Nf6 2. c4 c5 3. Nf3 g6 4. g3 Bg7 5. Bg2 O-O 6. O-O cxd4 7. Nxd4 Nc6 8.
Nc3 Qb6 9. Ndb5 a6 10. Be3 Qd8 11. Nd4 Ng4 12. Nxc6 Nxe3 13. Nxd8 Nxd1 14.
Rfxd1 Rxd8 15. Rac1 Rb8 16. b4 b6 17. Nd5 Kf8 18. a4 e6 19. Ne3 Bb7 20. Bxb7
Rxb7 21. c5 bxc5 22. bxc5 Rc8 23. Rd6 Ra7 24. Rc2 Ke7 25. Rb6 Bd4 26. Nc4 Rxc5
27. e3 Rxc4 0-1

[Event "Madrid-ch Veteranos 2016/2017"]
[Site "Madrid ESP"]
[Date "2017.01.11"]
[Round "3.19"]
[White "Minguela Munoz, Bienvenido"]
[Black "Villodre Miranda, Juan Alonso"]
[Result "1-0"]
[WhiteElo "1786"]
[BlackElo "1652"]
[PlyCount "95"]
[EventDate "2017.01.09"]
[EventType "swiss"]
[EventRounds "9"]
[EventCountry "ESP"]
[SourceTitle "Ajedrez en Madrid"]
[Source "lmi"]
[SourceDate "2017.01.09"]

1. d4 d5 2. c4 e6 3. Nf3 c6 4. Nc3 Bb4 5. Qb3 Bxc3+ 6. Qxc3 h6 7. Bf4 Nf6 8.
Nd2 dxc4 9. e4 b5 10. a4 a6 11. b3 cxb3 12. axb5 cxb5 13. Bxb5+ Bd7 14. Bd3 O-O
15. O-O a5 16. Nxb3 a4 17. Nc5 Qa5 18. Qxa5 Rxa5 19. Bxb8 Rxb8 20. e5 Rxc5 21.
dxc5 Nd5 22. Rfc1 Nb4 23. Be4 Bc6 24. Bxc6 Nxc6 25. f4 Nd4 26. Ra2 a3 27. c6
Rc8 28. Kf2 Rxc6 29. Rxc6 Nxc6 30. Rxa3 g6 31. Ke3 h5 32. Ra4 Ne7 33. Kd4 Nf5+
34. Kc5 Kg7 35. Kc6 Ne3 36. g3 Nf1 37. Ra2 Ne3 38. Kd7 Nf5 39. Ke8 Nh6 40. Ra7
Kg8 41. h3 Kg7 42. g4 hxg4 43. hxg4 Nxg4 44. Rxf7+ Kh6 45. Ke7 g5 46. fxg5+
Kxg5 47. Rg7+ Kf5 48. Rxg4 1-0

[Event "Madrid-ch Veteranos 2016/2017"]
[Site "Madrid ESP"]
[Date "2017.01.11"]
[Round "3.20"]
[White "Ramos Antona, Enrique"]
[Black "Losada Gonzalez, Andres"]
[Result "0-1"]
[WhiteElo "1593"]
[BlackElo "1772"]
[PlyCount "140"]
[EventDate "2017.01.09"]
[EventType "swiss"]
[EventRounds "9"]
[EventCountry "ESP"]
[SourceTitle "Ajedrez en Madrid"]
[Source "lmi"]
[SourceDate "2017.01.09"]

1. d4 d5 2. c4 e6 3. Nc3 Nf6 4. Nf3 Nbd7 5. e3 Be7 6. Be2 O-O 7. O-O a6 8. a4
b6 9. cxd5 exd5 10. b3 Bb7 11. Ba3 Bxa3 12. Rxa3 Qe7 13. Ra1 c5 14. Qd2 Ne4 15.
Qb2 Rac8 16. Rac1 Rfd8 17. Rfe1 Ndf6 18. Ne5 cxd4 19. exd4 Qb4 20. Nxe4 Nxe4
21. Nd3 Qd2 22. Qxd2 Nxd2 23. Rxc8 Rxc8 24. Bd1 Kf8 25. b4 Rc3 26. Be2 Nb3 27.
Ne5 Bc8 28. Bxa6 Be6 29. Nf3 Rc1 30. Rxc1 Nxc1 31. Nd2 Na2 32. b5 Nc3 33. a5
Na4 34. axb6 Nxb6 35. Nf3 Ke7 36. h3 h6 37. Nh2 Kd6 38. g4 Kc7 39. f4 f5 40.
Kf2 Nc4 41. Kg3 Nd6 42. g5 Ne4+ 43. Kh4 hxg5+ 44. fxg5 g6 45. Nf3 f4 46. Ne5
Bf5 47. Nxg6 Bxg6 48. Kg4 f3 49. Kxf3 Nxg5+ 50. Kg3 Ne6 51. b6+ Kxb6 52. Bc8
Nxd4 53. Kf4 Kc5 54. h4 Nc6 55. Ke3 d4+ 56. Kd2 Ne5 57. Be6 Nf3+ 58. Kc1 Nxh4
59. Bg4 Ng2 60. Kd2 Ne3 61. Be2 Nc4+ 62. Kc1 Kb4 63. Kd1 Kc3 64. Ke1 Bd3 65.
Bd1 Ne3 66. Bf3 Bf5 67. Be2 Bg4 68. Bxg4 Nxg4 69. Kd1 Kd3 70. Kc1 Ke2 0-1

[Event "Madrid-ch Veteranos 2016/2017"]
[Site "Madrid ESP"]
[Date "2017.01.11"]
[Round "3.21"]
[White "Lopez Orellana, Federico"]
[Black "Beekhof Harmsen, Willen"]
[Result "1-0"]
[WhiteElo "1756"]
[BlackElo "1555"]
[PlyCount "67"]
[EventDate "2017.01.09"]
[EventType "swiss"]
[EventRounds "9"]
[EventCountry "ESP"]
[SourceTitle "Ajedrez en Madrid"]
[Source "lmi"]
[SourceDate "2017.01.09"]

1. d4 Nf6 2. e3 g6 3. Nf3 Bg7 4. Be2 O-O 5. O-O b6 6. Nbd2 Bb7 7. b3 a5 8. Bb2
d6 9. c4 Re8 10. Qc2 Nbd7 11. a3 e6 12. Rfd1 Rc8 13. b4 c5 14. bxa5 cxd4 15.
Bxd4 e5 16. Bc3 Qc7 17. axb6 Nxb6 18. Rab1 d5 19. Qb3 Nfd7 20. Ba5 Re6 21. cxd5
Qc5 22. dxe6 Bd5 23. exf7+ Bxf7 24. Qb4 Nd5 25. Qxc5 Rxc5 26. Bb4 Nc3 27. Bxc3
Rxc3 28. Ne4 Rc7 29. Nfg5 Be8 30. Ne6 Ra7 31. Nxg7 Kxg7 32. Nd6 Kf8 33. Nxe8
Kxe8 34. Bb5 1-0

[Event "Madrid-ch Veteranos 2016/2017"]
[Site "Madrid ESP"]
[Date "2017.01.11"]
[Round "3.22"]
[White "Infante Martin, Alonso"]
[Black "Camarero Izquierdo, Juan Carlos"]
[Result "1-0"]
[WhiteElo "1396"]
[BlackElo "1732"]
[PlyCount "61"]
[EventDate "2017.01.09"]
[EventType "swiss"]
[EventRounds "9"]
[EventCountry "ESP"]
[SourceTitle "Ajedrez en Madrid"]
[Source "lmi"]
[SourceDate "2017.01.09"]

1. d4 f5 2. g3 Nf6 3. Bg2 d5 4. Nf3 e6 5. O-O Bd6 6. Bg5 O-O 7. Nbd2 Nbd7 8. c4
c6 9. cxd5 exd5 10. Bf4 Bxf4 11. gxf4 Ne4 12. Ne5 Rf6 13. Nxe4 fxe4 14. e3 Rh6
15. Ng4 Rh4 16. f3 Nf6 17. h3 exf3 18. Nxf6+ Qxf6 19. Qxf3 Bf5 20. Qg3 Rh6 21.
Qg5 Qe6 22. Rf3 Bxh3 23. f5 Bxg2 24. fxe6 Bxf3 25. Kf2 Be4 26. Rg1 Rg6 27. Qe5
Rf8+ 28. Ke2 Rxg1 29. e7 Rg2+ 30. Ke1 h6 31. Qe6+ 1-0

[Event "Madrid-ch Veteranos 2016/2017"]
[Site "Madrid ESP"]
[Date "2017.01.11"]
[Round "3.25"]
[White "Quintero Torres, Pedro"]
[Black "Cortijo Manso, Luis"]
[Result "1-0"]
[WhiteElo "1942"]
[BlackElo "1489"]
[PlyCount "70"]
[EventDate "2017.01.09"]
[EventType "swiss"]
[EventRounds "9"]
[EventCountry "ESP"]
[SourceTitle "Ajedrez en Madrid"]
[Source "lmi"]
[SourceDate "2017.01.09"]

1. e4 e6 2. d4 d5 3. Nc3 Nf6 4. Bd3 c5 5. Nf3 b6 6. O-O Ba6 7. Bxa6 Nxa6 8.
exd5 Nxd5 9. Nxd5 Qxd5 10. c4 Qxc4 11. Ne5 Qxd4 12. Qf3 Qxe5 13. Qxa8+ Qb8 14.
Qc6+ Ke7 15. Rd1 Qc7 16. Qb5 Nb8 17. Be3 f6 18. b4 Kf7 19. bxc5 Bxc5 20. Rac1
Qc6 21. Qxc6 Nxc6 22. Bxc5 bxc5 23. Rxc5 Ne7 24. Rc7 a5 25. Rdd7 Re8 26. Ra7 f5
27. g3 Kf6 28. Rxa5 Nc6 29. Ra6 Nb8 30. Ra8 Rc8 31. Rd1 Rf8 32. Rb1 Nd7 33.
Rxf8+ Nxf8 34. Rb7 Ng6 35. a4 Ne5 1-0

[Event "Madrid-ch Veteranos 2016/2017"]
[Site "Madrid ESP"]
[Date "2017.01.11"]
[Round "3.26"]
[White "Calderon Martin, Antonio"]
[Black "Salgado Duarte, Pablo"]
[Result "1/2-1/2"]
[WhiteElo "1699"]
[BlackElo "1574"]
[PlyCount "138"]
[EventDate "2017.01.09"]
[EventType "swiss"]
[EventRounds "9"]
[EventCountry "ESP"]
[SourceTitle "Ajedrez en Madrid"]
[Source "lmi"]
[SourceDate "2017.01.09"]

1. e4 e5 2. Nf3 Nc6 3. Bb5 a6 4. Ba4 b5 5. Bb3 Be7 6. a4 b4 7. O-O d6 8. d4
exd4 9. Nxd4 Bb7 10. Bd5 Qd7 11. Nf5 Nf6 12. Nxg7+ Kf8 13. Bh6 Kg8 14. Nf5 Bf8
15. Qf3 Bxh6 16. Nxh6+ Kg7 17. Nxf7 Nxd5 18. exd5 Qxf7 19. Qxf7+ Kxf7 20. dxc6
Bxc6 21. c3 a5 22. Nd2 Rhg8 23. g3 Rge8 24. f4 Re2 25. Rf2 Rae8 26. Kf1 R2e7
27. Nc4 Ra8 28. Re2 Rd7 29. Kf2 Bd5 30. Ne3 Bc6 31. f5 d5 32. Rd2 Re8 33. g4
Re4 34. h4 d4 35. cxd4 Rexd4 36. Rxd4 Rxd4 37. Kg3 Rd3 38. Kf4 Bd7 39. Ke4 Rd6
40. Nc4 Bc6+ 41. Ke3 Rd5 42. b3 Kf6 43. Rf1 h6 44. Rc1 Bb7 45. Rc2 Ba6 46. Rd2
Bxc4 47. bxc4 Rc5 48. Kd4 Rc6 49. c5 Ra6 50. Re2 h5 51. gxh5 Kxf5 52. Rg2 Rh6
53. Rg7 c6 54. Ra7 Rxh5 55. Rxa5 Rxh4+ 56. Kd3 Ke5 57. Ra8 Rd4+ 58. Kc2 Rc4+
59. Kb3 Kd5 60. a5 Kxc5 61. a6 Rc3+ 62. Kb2 Ra3 63. a7 Kc4 64. Rc8 Rxa7 65.
Rxc6+ Kb5 66. Rf6 Rc7 67. Rf5+ Ka4 68. Rf8 Kb5 69. Rf5+ Ka4 1/2-1/2

[Event "Madrid-ch Veteranos 2016/2017"]
[Site "Madrid ESP"]
[Date "2017.01.11"]
[Round "3.27"]
[White "Ghavami, Mahmoud"]
[Black "Hernandez Garcia, Carlos"]
[Result "0-1"]
[WhiteElo "1566"]
[BlackElo "1735"]
[PlyCount "87"]
[EventDate "2017.01.09"]
[EventType "swiss"]
[EventRounds "9"]
[EventCountry "ESP"]
[SourceTitle "Ajedrez en Madrid"]
[Source "lmi"]
[SourceDate "2017.01.09"]

1. d4 Nf6 2. Bf4 d5 3. Nf3 e6 4. e3 c5 5. c3 Nc6 6. Bd3 Be7 7. Nbd2 O-O 8. Ne5
Nxe5 9. dxe5 Ne8 10. Qh5 f5 11. h4 g6 12. Qe2 c4 13. Bc2 Bxh4 14. O-O-O Ng7 15.
Rh3 Be7 16. Rdh1 h5 17. f3 g5 18. g4 gxf4 19. gxh5 fxe3 20. Qxe3 Bg5 21. f4 Bh6
22. Rg1 Qe7 23. Rg6 Kh7 24. Nf3 Bd7 25. Nh4 Be8 26. Bd1 d4 27. cxd4 c3 28.
Rxh6+ Kxh6 29. Ng6 cxb2+ 30. Kb1 Qb4 31. Nxf8 Rc8 32. Bb3 Qxf8 33. Kxb2 a5 34.
a3 b5 35. d5 exd5 36. Bxd5 b4 37. Qb6+ Kh7 38. h6 bxa3+ 39. Kb1 Nh5 40. Qa7+
Kh8 41. Qxa5 Nxf4 42. Rb3 Nxd5 43. Qxd5 Qxh6 44. e6 0-1

[Event "Madrid-ch Veteranos 2016/2017"]
[Site "Madrid ESP"]
[Date "2017.01.11"]
[Round "3.28"]
[White "Martinez Miura, Enrique"]
[Black "Rufo Yebra, Benito"]
[Result "1-0"]
[WhiteElo "1640"]
[BlackElo "1352"]
[PlyCount "81"]
[EventDate "2017.01.09"]
[EventType "swiss"]
[EventRounds "9"]
[EventCountry "ESP"]
[SourceTitle "Ajedrez en Madrid"]
[Source "lmi"]
[SourceDate "2017.01.09"]

1. e4 e5 2. Nf3 d6 3. d4 exd4 4. Nxd4 Be6 5. Nxe6 fxe6 6. Bc4 Qf6 7. O-O Nd7 8.
Nc3 a6 9. a4 Ne5 10. Bb3 Nh6 11. f4 Nc6 12. Be3 O-O-O 13. h3 Nf7 14. Qd2 g6 15.
Bc4 Bg7 16. Rab1 h5 17. Ne2 Qe7 18. b4 g5 19. fxg5 Rdg8 20. b5 Nb8 21. bxa6
bxa6 22. Nf4 Nxg5 23. Ng6 Nxh3+ 24. gxh3 Be5 25. Kh1 Rxg6 26. Rxb8+ Kd7 27.
Rxh8 Bxh8 28. Qf2 Rf6 29. Qg2 d5 30. Rxf6 Bxf6 31. Bxa6 d4 32. Bg1 Qb4 33. Bb5+
c6 34. Bxc6+ Kxc6 35. e5+ Kc5 36. exf6 Qb8 37. f7 e5 38. Qg8 Qb7+ 39. Kh2 Kb4
40. f8=Q+ Kxa4 41. Qc4+ 1-0

[Event "Madrid-ch Veteranos 2016/2017"]
[Site "Madrid ESP"]
[Date "2017.01.11"]
[Round "3.29"]
[White "Cupeiro Fernandez, Manuel"]
[Black "Perales Hernandez, Manuel"]
[Result "0-1"]
[WhiteElo "1525"]
[BlackElo "1306"]
[PlyCount "101"]
[EventDate "2017.01.09"]
[EventType "swiss"]
[EventRounds "9"]
[EventCountry "ESP"]
[SourceTitle "Ajedrez en Madrid"]
[Source "lmi"]
[SourceDate "2017.01.09"]

1. e4 e5 2. Nf3 Bc5 3. d4 exd4 4. Nxd4 Qf6 5. c3 Nc6 6. Be3 a6 7. Be2 Qg6 8.
Bf3 Nf6 9. Nxc6 Bxe3 10. Ne5 Qg5 11. Ng4 Nxg4 12. Bxg4 Bc1 13. h4 Qf4 14. g3
Qxe4+ 15. Qe2 Qxe2+ 16. Bxe2 Bxb2 17. Kd2 Bxa1 18. Kc2 O-O 19. Nd2 Re8 20. Bd3
Bxc3 21. Kxc3 b5 22. f3 Re3 23. Kd4 Re7 24. Be4 Ra7 25. Re1 g6 26. Rc1 f5 27.
Bd5+ Kg7 28. Kd3 c6 29. Bb3 a5 30. Nf1 a4 31. Bc2 c5 32. Ne3 Bb7 33. Re1 Re6
34. Rf1 Ba6 35. Rf2 b4+ 36. Kd2 Bb5 37. Nd1 Raa6 38. Nb2 Rad6+ 39. Kc1 a3 40.
Nd1 Re2 41. g4 Rxf2 42. Nxf2 Re6 43. gxf5 gxf5 44. Bxf5 Re2 45. Ne4 Rxa2 46.
Nxc5 Rf2 47. Kb1 Rxf3 48. Bxd7 Bxd7 49. Nxd7 b3 50. Kc1 Rf1+ 51. Kd2 0-1

[Event "Madrid-ch Veteranos 2016/2017"]
[Site "Madrid ESP"]
[Date "2017.01.11"]
[Round "3.31"]
[White "Pastor Diaz, David"]
[Black "Suarez Mencia, Roberto"]
[Result "0-1"]
[WhiteElo "1368"]
[BlackElo "1433"]
[PlyCount "50"]
[EventDate "2017.01.09"]
[EventType "swiss"]
[EventRounds "9"]
[EventCountry "ESP"]
[SourceTitle "Ajedrez en Madrid"]
[Source "lmi"]
[SourceDate "2017.01.09"]

1. d4 Nf6 2. c4 g6 3. Nc3 Bg7 4. Nf3 d6 5. Bf4 O-O 6. e3 Nbd7 7. Bd3 Re8 8. O-O
e5 9. Bg5 h6 10. Bxf6 Nxf6 11. e4 c6 12. Re1 exd4 13. Nxd4 Nh5 14. Nf3 Bg4 15.
h3 Bd7 16. Qc2 Qc8 17. Rad1 Bxh3 18. g3 Nf4 19. Bf1 Qg4 20. Nh2 Qg5 21. Bxh3
Nxh3+ 22. Kg2 Qh5 23. Rxd6 Ng5 24. Kh1 Nf3 25. Kg2 Nxe1+ 0-1

[Event "Madrid-ch Veteranos 2016/2017"]
[Site "Madrid ESP"]
[Date "2017.01.12"]
[Round "4.1"]
[White "Nunez Munoz, Jesus"]
[Black "Elissalt Cardenas, Hector"]
[Result "1/2-1/2"]
[WhiteElo "2186"]
[BlackElo "2379"]
[PlyCount "98"]
[EventDate "2017.01.09"]
[EventType "swiss"]
[EventRounds "9"]
[EventCountry "ESP"]
[SourceTitle "Ajedrez en Madrid"]
[Source "lmi"]
[SourceDate "2017.01.09"]

1. e4 d6 2. d4 Nf6 3. Nc3 e5 4. Nf3 Nbd7 5. Bc4 h6 6. a4 Be7 7. O-O O-O 8. Re1
c6 9. Ba2 a5 10. h3 Nh7 11. Be3 Ng5 12. Nxg5 Bxg5 13. Qd2 Bxe3 14. Qxe3 Qb6 15.
dxe5 Qxe3 16. Rxe3 dxe5 17. Rd3 Nc5 18. Rd6 Re8 19. Rad1 Kf8 20. Rd8 Ke7 21.
Rxe8+ Kxe8 22. f3 Be6 23. Bxe6 Nxe6 24. Ne2 Rd8 25. Rxd8+ Kxd8 26. Kf2 Kc7 27.
Ke3 Kb6 28. g3 Kc5 29. f4 Kd6 30. f5 Nc5 31. Nc3 Nd7 32. Nb1 Kc5 33. c3 Nb6 34.
b3 Nd7 35. Kd3 b5 36. axb5 cxb5 37. Nd2 Nb6 38. Nf3 Kd6 39. Nd2 Kc6 40. Nf3 Nd7
41. b4 a4 42. g4 f6 43. Nd2 Nb6 44. Kc2 Nc8 45. Kd3 Nd6 46. Kc2 Kb6 47. Kb2 Kc6
48. Kc2 Kb6 49. Kb2 Kc6 1/2-1/2